One Piece - Equipage de Barbe noire - Statistiques

Statistiques générales
  • Ce quiz a été pris 175 fois
    95 depuis la dernière actualisation
  • Le résultat moyen est 9 sur 12
Statistiques - réponses
Par images Réponse % Correct
Marshall D. Teach
100%
Aokiji
91%
Jesus Burgess
90%
Laffitte
86%
Shiliew
84%
Doc Q
79%
Avalo Pizarro
77%
Catarina Devon
77%
Van Augur
76%
Vasco Shot
70%
Sanjuan Wolf
64%
Stronger
44%
Aucun quiz correspondant
Distribution des résultats
% des personnes avec chaque résultat
Percentile par nombre de réponses
Votre historique - résultats
Vous n’avez pas pris ce quiz depuis la dernière actualisation